2009 Yankees Staring Lineup - Statistics

General Stats
  • This quiz has been taken 21 times
  • The average score is 7 of 10
Answer Stats
Position Player % Correct
SS Derek Jeter
100%
3B Alex Rodriguez
94%
C Jorge Posada
81%
P (Ace) CC Sabathia
75%
DH Hideki Matsui
75%
1B Mark Teixeira
69%
2B Robinson Cano
69%
RF Nick Swisher
63%
LF Johnny Damon
44%
CF Melky Cabrera
38%
No matching quizzes found
Score Distribution
Percent of People with Each Score
Percentile by Number Answered
Your Score History
You have not taken this quiz